Investování na kapitálových trzích

Uložené v:
Podrobná bibliografia
Hlavný autor: Veselá, Jitka
Médium: Kniha
Jazyk:Czech
Vydavateľské údaje: Praha ASPI Wolters Kluwer 2007
Predmet:
Tagy: Pridať tag
Žiadne tagy, Buďte prvý, kto otaguje tento záznam!

MARC

LEADER 00000nam$a2200000$$$4500
001 0100693
005 20240226134128.0
020 |a 978-80-7357-297-6 
041 0 |a cze 
044 |a CZ 
245 1 0 |a Investování na kapitálových trzích  |c Jitka Veselá 
264 1 |a Praha  |b ASPI Wolters Kluwer  |c 2007 
300 |a 703 s. 
610 2 0 |a trh kapitálový 
610 2 0 |a trh finančný 
610 2 0 |a trh burzový 
610 2 0 |a nástroje investičné 
610 2 0 |a analýzy 
610 2 0 |a akcie 
610 2 0 |a dlhy 
610 2 0 |a investovanie 
610 2 0 |a výnosy 
610 2 0 |a riziko 
610 2 0 |a likvidita 
610 2 0 |a investori 
100 1 |a Veselá, Jitka